| 000 | 00988cab a22002295a 4500 | ||
|---|---|---|---|
| 001 | L158419 | ||
| 008 | 150210e20150207xxk 000 0 eng d | ||
| 035 | _a(Sirsi) u158419 | ||
| 041 | 0 | _aeng | |
| 100 | 1 | _aHeighton, Mark | |
| 245 | 0 | 0 |
_aEquality Act _bIs the property indudustry complying |
| 260 | _c2015 | ||
| 490 |
_aEstates Gazette _v(1505) 7 February 2015, 92-94(3) |
||
| 520 | _aLooks at the growing obligations on the property industry of the Equality Act 2010 together with its predecessor, the Disability Discrimination Act 1995. Includes the six main parts of the 2010 Act that particularly affect property owners, the duty to make reasonable adjustments and the need to get a landlord's consent before carrying out any physical alterations. | ||
| 590 | _aKA | ||
| 650 | 2 | 4 | _aEQUALITY ACT 2010 |
| 650 | 2 | 4 | _aDISABILITY DISCRIMINATION ACT 1995 |
| 651 | 4 | _aUnited Kingdom | |
| 690 |
_aProperty management _96262 |
||
| 690 |
_aDesign & specification _96234 |
||
| 942 | _n0 | ||
| 999 |
_c84592 _d84592 |
||